Ipswich Town Players 2022–23 - Statistics

General Stats
  • This quiz has been taken 473 times
    319 since last reset
  • The average score is 24 of 37
Answer Stats
Squad No. Player % Correct
1 Christian Walton
98%
3 Leif Davis
95%
5 © Sam Morsy
95%
10 Conor Chaplin
94%
6 Luke Woolfenden
93%
7 Wes Burns
93%
9 Freddie Ladapo
89%
34 Harry Clarke
88%
27 George Hirst
87%
15 Cameron Burgess
86%
4 George Edmundson
86%
8 Lee Evans
84%
33 Nathan Broadhead
83%
44 Janoi Donacien
82%
25 Massimo Luongo
82%
30 Cameron Humphreys
78%
11 Marcus Harness
78%
31 Václav Hladký
78%
19 Kayden Jackson
76%
12 Dominic Ball
74%
29 Kyle Edwards
69%
2 Richard Keogh
65%
21 Greg Leigh
64%
23 Sone Aluko
62%
14 Tyreece John-Jules
52%
28 Panutche Camará
49%
24 Kane Vincent-Young
45%
18 Gassan Ahadme
42%
16 Rekeem Harper
34%
22 Idris El Mizouni
31%
42 Tawanda Chirewa
22%
40 Gerrard Buabo
20%
36 Albie Armin
18%
38 Zanda Siziba
18%
39 Edwin Agbaje
17%
41 Matt Ward
15%
37 Fraser Alexander
12%
No matching quizzes found
Score Distribution
Percent of People with Each Score
Percentile by Number Answered
Your Score History
You have not taken this quiz since the last reset